000 01123cam a2200265 4500
008 #DATE n2002 000 0 eng u
020 _a0421674105
035 _a(Sirsi) u118915
041 _aeng
050 _a624.08
_c18
100 _aHuse, Joseph A.
245 _aUnderstanding and negotiating turnkey and EPC contracts
250 _a2nd ed.
260 _aLondon
_bSweet & Maxwell
_c2002
300 _axviii,973p.
_c26cm.
350 _a150
520 _aRevised edition of this text book which provides a detailed analysis of the FIDIC "Conditions of contract for EPC/turnkey projects" (ISBN 2884320210). This new edition complements the first "Understanding and negotiating turnkey contracts" (ISBN 0421523409) which retains its merits for a better understanding of the FIDIC "Conditions of contract for plant and design/build" (ISBN 2884320237).
650 _aContracts
_96232
650 _aDESIGN AND BUILD CONTRACTS
650 _aENGINEERING CONTRACTS
650 _aFIDIC CONDITIONS OF CONTRACT
650 _aTURNKEY CONTRACTS
690 _aBUILT ENVIRONMENT-BUILDING CONTRACT FORMS
942 _n0
999 _c102199
_d102199